00476nam a2200169Ia 4500008004100000040001900041041001200060082002300072100002200095245004700117260004600164300002000210504001900230650001400249651002500263850001800288131103s9999 xx 000 0 und d aLoreto College aEnglish a372/BRUbLCBED/566 aBruner, Jerome S. 4aThe process of educationcJerome S. Bruner aCambridgebHarvard University Pressc1969 axvi,97 c 18cm. aIncludes index aEducation aElementary education aLCBED/372/BRU